MARC

Tag First Indicator Second Indicator Subfields
LEADER 00000cas a2200000 a 4500
001 in00002593213
006 m o d
007 cr |||||||||||
008 100324c19999999tnuar o f0 a0eng c
005 20230928211649.2
010 |a 2010230334 
019 |a 904474265  |a 1098391710  |a 1296833775  |a 1296889019 
022 0 |a 2157-0892  |2 1 
035 |a (OCoLC)ocn568194011 
037 |b Oak Ridge Site Specific Advisory Board, P.O. Box 2001, EM-91, Oak Ridge, TN 37831 
040 |a GPO  |b eng  |c GPO  |d GPO  |d IUL  |d DLC  |d OCLCA  |d OCLCQ  |d OCLCO  |d OCLCQ  |d OCLCF  |d GILDS  |d OCLCO  |d OCLCQ  |d GPO  |d MvI 
042 |a pcc  |a nsdp 
043 |a n-us-tn 
049 |a WWW 
074 |a 0429-A-94 (online) 
086 0 |a E 1.180: 
110 2 |a Oak Ridge Site Specific Advisory Board. 
222 0 |a Annual report  |b (Oak Ridge Site Specific Advisory Board. Online) 
245 1 0 |a Annual report. 
260 |a Oak Ridge, Tenn. :  |b Oak Ridge Site Specific Advisory Board 
300 |a 1 online resource (volumes) 
310 |a Annual 
336 |a text  |b txt  |2 rdacontent 
337 |a computer  |b c  |2 rdamedia 
338 |a online resource  |b cr  |2 rdacarrier 
362 1 |a Began with 1999. 
588 0 |a 1999; title from title screen (Oak Ridge Site Specific Advisory Board web site, viewed Mar. 23, 2010). 
588 1 |a Latest issue consulted: 2022 (ORSSAB website, viewed August 8, 2023). 
500 |a GPO Cataloging Record Distribution Program (CRDP). 
610 2 0 |a Oak Ridge Site Specific Advisory Board  |v Periodicals. 
650 0 |a Environmental management  |z Tennessee  |z Oak Ridge  |v Periodicals. 
650 0 |a Environmental policy  |z Tennessee  |z Oak Ridge  |v Periodicals. 
650 7 |a Environmental management.  |2 fast  |0 (OCoLC)fst00913186 
650 7 |a Environmental policy.  |2 fast  |0 (OCoLC)fst00913250 
651 7 |a Tennessee  |z Oak Ridge.  |2 fast  |0 (OCoLC)fst01206288 
655 7 |a Periodicals.  |2 fast  |0 (OCoLC)fst01411641 
655 7 |a Periodicals.  |2 lcgft 
776 0 8 |i Print version:  |a Oak Ridge Site Specific Advisory Board.  |t Annual report  |w (DLC) 2005209968  |w (OCoLC)60316146 
780 0 0 |a Oak Ridge Reservation Environmental Management Site Specific Advisory Board.  |t Annual report  |w (DLC) 2010230333  |w (OCoLC)568213466 
856 4 0 |3 Issues for 2013-  |u https://purl.fdlp.gov/GPO/LPS119068  |t 0 
856 4 0 |3 Archived issues  |u https://purl.fdlp.gov/GPO/gpo215363  |t 0 
999 f f |s 0c6b6e29-f1ea-3deb-a14e-a7746d460bf2  |i 03d950c3-9c63-37fb-939d-be7a21e863df  |t 0 
952 f f |a Texas A&M University  |b College Station  |c Electronic Resources  |d Available Online  |t 0  |e E 1.180:  |h Superintendent of Documents classification 
998 f f |a E 1.180:  |t 0  |l Available Online